| 000 | 00569nam a22001817a 4500 | ||
|---|---|---|---|
| 999 |
_c196812 _d196812 |
||
| 005 | 20230728122033.0 | ||
| 010 | _aENG-137652 | ||
| 020 |
_a9788124119051 _c295.00 |
||
| 035 | _aEN-121184 | ||
| 037 | _bDBAD/PUB | ||
| 082 | _a347.54035 | ||
| 100 | _aSwamy, Subramanian | ||
| 245 |
_aBuilding the Sri Rama Temple in Ayodhya/ _cby Subramanian Swamy |
||
| 260 |
_aDelhi _bHar-Anand Publications Pvt. Ltd. _c2015 |
||
| 270 |
_aE-49/3, Okhla Industrial Area, Phase-II _bDelhi _e110020 |
||
| 300 |
_a115p. _c22cm(pbk) |
||
| 942 |
_2ddc _cEN _h347.54035 _mSWA |
||